Introduction to system programming : proceedings of a symposium held at the London School of Economics, July, 1962 /

Guardado en:
Autores Corporativos: London School of Economics and Political Science., Brighton College of Technology. Automatic Programming Information Centre.
Otros Autores: Wegner, Peter. (Editor )
Formato: Libro
Idioma:English
Publicado: London : Published for the Automatic Programming Information Centre, Brighton College of Technology, England, by Academic Press, 1964.
Series:A.P.I.C. studies in data processing ; no. 4
Materias:
Etiquetas: Agregar Etiqueta
Sin Etiquetas, Sea el primero en etiquetar este registro!
LEADER 01012cam a22002295a 4500
001 MAT.inmabb005070
008 840522s1964####enka#####b####100#0#eng##
005 20160809162141.0
245 0 0 |a Introduction to system programming :  |b proceedings of a symposium held at the London School of Economics, July, 1962 /  |c edited by Peter Wegner. 
260 |a London :  |b Published for the Automatic Programming Information Centre, Brighton College of Technology, England, by Academic Press,  |c 1964. 
300 |a x, 316 p. :  |b il. ;  |c 24 cm. 
440 0 |a A.P.I.C. studies in data processing ;  |v no. 4 
504 |a Incluye referencias bibliográficas. 
510 4 |a MR,  |c 30 #1634 
700 1 |a Wegner, Peter.  |4 edt 
710 2 |a London School of Economics and Political Science. 
710 2 |a Brighton College of Technology.  |b Automatic Programming Information Centre. 
650 0 |a Computer programming. 
084 |a 68-06  |2 msc2000 
010 |a  64014228  
040 |a DLC/ICU  |c ICU  |d DLC 
859 |h 68  |i In615  |p A-2550  |b BIB. MATEMATICA